[Event "Chioggia op-B 03rd"]
[Site "Chioggia"]
[Date "2008.10.12"]
[Round "5"]
[White "Runggaldier, Andreas"]
[Black "Cruccu, Alberto"]
[Result "1-0"]
[WhiteElo "1440"]
[BlackElo "1530"]
[PlyCount "69"]
[EventDate "2008.10.10"]
[EventType "swiss"]
[EventRounds "5"]
[EventCountry "ITA"]
[SourceTitle "EXT 2022"]
[Source "ChessBase"]
[SourceDate "2021.10.06"]
[SourceVersion "1"]
[SourceVersionDate "2021.10.06"]
[SourceQuality "1"]

1. d4 Nf6 2. c4 g6 3. Nc3 Bg7 4. e4 d6 5. Bd3 0-0 6. Nge2 Nc6 7. Bd2 e5 8. d5 Nb4 9. Bb1 c6 10. a3 Na6 11. b4 cxd5 12. cxd5 Bd7 13. Bd3 Nc7 14. 0-0 a6 15. a4 b5 16. a5 Bg4 17. f3 Bd7 18. Be3 Rc8 19. Rc1 Nfe8 20. f4 f5 21. fxe5 Bxe5 22. Bf4 Bxf4 23. Nxf4 Qg5 24. exf5 Bxf5 25. Bxf5 Rxf5 26. Ne4 Qh4 27. g3 Qe7 28. Qd3 Nf6 29. Rfe1 Nfxd5 30. Nxd5 Rxd5 31. Rxc7 Rxd3 32. Rxe7 Rd4 33. Nf6+ Kf8 34. Rxh7 Rdc4 35. Ree7 1-0

[Event "Chioggia op-B 03rd"]
[Site "Chioggia"]
[Date "2008.10.10"]
[Round "1"]
[White "Runggaldier, Andreas"]
[Black "Aprile, Martino"]
[Result "1-0"]
[WhiteElo "1440"]
[BlackElo "1560"]
[PlyCount "77"]
[EventDate "2008.10.10"]
[EventType "swiss"]
[EventRounds "5"]
[EventCountry "ITA"]
[SourceTitle "EXT 2022"]
[Source "ChessBase"]
[SourceDate "2021.10.06"]
[SourceVersion "1"]
[SourceVersionDate "2021.10.06"]
[SourceQuality "1"]

1. d4 d5 2. c4 e6 3. Nc3 Nf6 4. Nf3 Be7 5. e3 Nbd7 6. Bd3 c5 7. 0-0 b6 8. cxd5 exd5 9. dxc5 Nxc5 10. Bb5+ Bd7 11. Ne5 Bxb5 12. Nxb5 Bd6 13. Nc6 Qd7 14. Nxd6+ Qxd6 15. Nd4 0-0 16. b3 Qd7 17. Bb2 Rfd8 18. Rc1 Rac8 19. Qe2 Nfe4 20. Rfd1 Ne6 21. Nf5 g6 22. Nh6+ Kf8 23. Ng4 Rxc1 24. Rxc1 f5 25. Ne5 Qb7 26. Ba3+ Kg8 27. Nc6 Rd7 28. Qb2 N6c5 29. Bxc5 Nxc5 30. Qf6 Rc7 31. Qd8+ Kg7 32. Nd4 Rd7 33. Qe8 Re7 34. Qd8 Rd7 35. Qg5 Rf7 36. b4 Ne4 37. Ne6+ Kg8 38. Qd8+ Rf8 39. Qxf8# 1-0